Maarif Teşkilatı hakkında bir layiha (1926) (Record no. 11890)

MARC details
000 -BAŞLIK
Sabit Uzunlukta Kontrol Alanı 00927na a2200253 4500
001 - KONTROL NUMARASI
Denetim Alanı 24396
003 - KONTROL NUMARASI IDENTIFIER
Denetim Alanı MIRAKIL
005 - SON İŞLEM TARİHİ VE ZAMANI
Denetim Alanı 20181226104236.0
008 - SABİT-BOY VERİ ELEMANLARI - GENEL BİLGİLER
Sabit Uzunlukta Kontrol Alanı 180928b tu 000 0
020 ## - ULUSLARARASI STANDART KİTAP NUMARASI
Uluslararası Standart Kitap Numarası 9786054201167
041 ## - DİL KODU
Metin / Ses Parça Veya Ayrı Başlığın Dil Kodu tur
082 ## - DEWEY ONLU SINIFLANDIRMA NUMARASI
Sınıflandırma Numarası 353.851
Ürün Numarası A57m 2015
090 ## - SINIFLAMA NUMARASI
Sınıflama Numarası 353.851 A57m 2015
100 ## - ANA GİRİŞ - KİŞİSEL İSİM
Kişisel Ad Antel, Sadrettin Celal
245 ## - BAŞLIK TABLOSU
Başlık Maarif Teşkilatı hakkında bir layiha (1926)
Sorumluluk Tablosu, Vb Sadrettin Celal [Antel]; yeni harflere aktaran ve düzenleyen Niyazi Altunya
260 ## - YAYIN, DAĞITIM, VB
Yayın, Dağıtım, Vb Yeri Ankara
Yayıncı, Dağıtıcı, Vs Adı Eğitim-İş Kültür Yayınları
Yayın, Dağıtım, Vb Tarihi 2015
300 ## - FİZİKSEL TANIM
Kapsam 168 s.
Boyutlar 20 sm.
500 ## - GENEL NOT
Genel Not Yapıt Maarif Vekaleti Mecmuası'nda (Sayı 7, 1 Mayıs 1926, s. 135-246) yayınlanmış yazının yeni harflere aktarılmış halidir.
610 ## - KONU KATMA GİRİŞ - TOPLANTI ADI
Giriş Elemanı Olarak Kurumsal Ad Veya Yargı Alanı Adı Maarif Vekaleti (1926)
Genel Alt Bölüm Teşkilat yapısı
Kronolojik Alt Bölüm Tasarılar
630 ## - KONU KATMA GİRİŞ - NAMED OLAY
Üniforma Başlık Maarif Vekaleti Mecmuası
700 ## - KATMA GİRİŞ - KİŞİSEL İSİM
Kişisel Ad Altuna, Niyazi
942 ## - EKLENDİ GİRİŞ ELEMANLARI (KOHA)
Sınıflandırma Veya Raf Düzeni Kaynak Dewey Decimal Classification
Koha Öğesi Türü Books
040 ## - KATALOGLAMA KAYNAK
Orijinal Kataloglama Ajansı Milas
Kataloglama Dili tur
Metne Dönüştürmek Ajansı TR-AnCHP
999 ## - SİSTEM KONTROL NUMARALARI (KOHA)
Koha Biblionumber 11890
Koha Biblioitemnumber 11890
Holdings
Kullanım Kısıtlamaları Kalıcı Konum Mevcut Konum Edinme Tarihi Toplam Check-Out'Lar Tam Çağrı Numarası Barkod Tarih Son Görülme İtibaren Geçerli Fiyatlar Sigara Kamu Notu Koha Öğesi Türü
  Parti Okulu Kütüphanesi Parti Okulu Kütüphanesi 09/28/2018   353.851 A57m 2015 P00160 09/28/2018 09/28/2018 Books